Dos mayse-bukh fun mayn leben
| Titel: | Dos mayse-bukh fun mayn leben / Meylekh Raṿiṭsh |
|---|---|
| Teil: | 2. Fun di yorn 1908 biz 1921 |
| Verfasser: | |
| Veröffentlicht: | Buenos-Aires : Unión Central Israelita en la Argentina [u.a.], 1964 |
| Umfang: | 525 S. |
| Format: | Buch |
| Sprache: | Jiddisch |
| Schriftenreihe/ mehrbändiges Werk: |
דאס מעשה-בוך פון מיין לעבן / מלך ראוויטש ; 2 alle Bände anzeigen
דאס פוילישע יידנטום ; 171 |
X
alg: 11185379
001A $00030:04-06-03
001B $03025:14-06-23 $t09:15:21.000
001D $00030:04-06-03
001U $0utf8
001X $00
002@ $0Afu
003@ $0111853796
003O $0614968912 $aOCoLC
007A $0111853796 $aHEB
010@ $ayid
011@ $a1964
021A $aFun di yorn 1908 biz 1921 $T01 $ULatn
021A $aפון די יארן 1908 ביז 1921 $T01 $UHebr
027A $aFun di jorn: 1908 biz 1921
028A $#ראוויטש, מלך $#Raviṭsh, Melekh $#Raviṭsh, Meylekh $#Raviṭš, Meilech $#Ravitsch, Melech $#Ravitch, Melech $#Ravitch, M. $#Rawiṭš, Meleḵ $#Rawicz, Mełech $#Rawitsch, Melech $#Bergner, Zekharye K. $#Bergner, Zekharye Khone $#Bergner, Zeḵaryā Ḥ. $#Bergner, Sacharja-Chone $#Bergner, Zechariah Choneh $#Rawiṭš, Meilech $#Ravich, M. $#רביץ', מלך $#רויץ', מלך $#ברגנר, חנא זכריה $#בערגנער, זכריה חנא $T01 $ULatn $711901002X $8Ravitch, Melech$Z1893-1976 [Tp1] $9087350289
028A $#ראוויטש, מלך $#Raviṭsh, Melekh $#Raviṭsh, Meylekh $#Raviṭš, Meilech $#Ravitsch, Melech $#Ravitch, Melech $#Ravitch, M. $#Rawiṭš, Meleḵ $#Rawicz, Mełech $#Rawitsch, Melech $#Bergner, Zekharye K. $#Bergner, Zekharye Khone $#Bergner, Zeḵaryā Ḥ. $#Bergner, Sacharja-Chone $#Bergner, Zechariah Choneh $#Rawiṭš, Meilech $#Ravich, M. $#רביץ', מלך $#רויץ', מלך $#ברגנר, חנא זכריה $#בערגנער, זכריה חנא $T01 $UHebr $711901002X $8ראוויטש, מלך$Z1893-1976 [Tp1] $9087350289
033A $pBuenos-Aires $nUnión Central Israelita en la Argentina {[u.a.]
034D $a525 S.
036C $aDos @mayse-bukh fun mayn leben $T01 $ULatn $x12 $hMeylekh Raṿiṭsh $l2
036C $aדאס @מעשה-בוך פון מיין לעבן $T01 $UHebr $x12 $hמלך ראוויטש $l2
036D $T01 $ULatn $x12 $8Dos @mayse-bukh fun mayn leben / Meylekh Raṿiṭsh $9111853648
036D $T01 $UHebr $x12 $8דאס @מעשה-בוך פון מיין לעבן / מלך ראוויטש $9111853648
036E $aDos @poylishe yidnṭum $T01 $ULatn $l171
036E $aדאס @פוילישע יידנטום $T01 $UHebr $l171
036F $T01 $ULatn $x3171 $8Dos @Poilishe Yidnṭum $9016188284 $l171
036F $T01 $UHebr $x3171 $8דאס @פוילישע יידנטום $9016188284 $l171
045F $a909.04924094380904 $eDDC23BSB
045F/01 $a909.04924
045F/03 $f0904
045F/03 $g438
lok: 11185379 3
101B $003-01-18 $t17:01:14.000
101C $008-08-07
101U $0utf8
145S/01 $a770
145Z/01 $a907 900 T 246
145Z/02 $a907 900 Ad 0100
exp: 11185379 3 1 #EPN
201B/01 $008-08-07 $t14:48:14.000
201C/01 $004-06-03
201U/01 $0utf8
203@/01 $0184574870
208@/01 $a04-06-03 $bzAa
209A/01 $aS 24/5169 Bd. 2 $du $f000 $hS 24 5169 / B 2 $x00
209C/01 $aX 99/1797
209G/01 $a54338252 $x00
247C/01 $8601000-3 <30>Frankfurt, Universitätsbibliothek J. C. Senckenberg, Zentralbibliothek (ZB) $9102598258
lok: 11185379 78
exp: 11185379 78 1 #EPN
201B/01 $014-06-23 $t09:15:21.000
201C/01 $014-06-23
201U/01 $0utf8
203@/01 $01236024257
208@/01 $a14-06-23 $be
209A/01 $a/ $f000 $x00
209A/01 $ab*p $x01
220C/01 $apgar
244Z/01 $#Generalgouvernement Polen $#Polska $#Rzeczpospolita Polska $#Polska Rzeczpospolita Ludowa $#Poland $#Pologne $#République Polonaise $#Generalne Gubernatorstwo w Polsce $#Polish People's Republic $#Polska Rzeczpospolita Polen $#PRL $#RP $#Polen Generalgouvernement $#Polska Generalgouvernement $#Besetzte Polnische Gebiete $#Besetztes Gebiet in Polen $#Okupowane Polskie Obszary $#Obszary Okupowane w Polsce $#Volksrepublik Polen $#Polska Rosyjska $#Republic Polen $#Respublika Pol'ša $#Pol'skaja Narodnaja Respublika $#République de Pologne $#Polen Links der Weichsel $#Polska po Lewej Stronie Wisły $#Lenkija $#Polija $#Gubernija Carstva Pol'skago $#Republik Polen $74046496-9 $8--Tg1--Polen $x01 $9085129801
247C/01 $82080>Marburg/Lahn, Herder-Institut, Forschungsbibliothek, Bibliographieportal $9336309341
| LEADER | 00000cam a2200000 cc4500 | ||
|---|---|---|---|
| 001 | 111853796 | ||
| 003 | DE-603 | ||
| 005 | 20230614091521.0 | ||
| 007 | tu | ||
| 008 | 030604s1964 xx |||| | u00||u|yid c | ||
| 035 | |a (DE-599)HEB111853796 | ||
| 035 | |a (OCoLC)614968912 | ||
| 040 | |a DE-603 |b ger |c DE-603 |d DE-603 | ||
| 041 | |a yid | ||
| 082 | 0 | 4 | |8 1\u |a 909.04924094380904 |q DE-101 |2 23/BSB |
| 085 | |8 1\u |b 909.04924 | ||
| 085 | |8 1\u |z 1 |s 0904 | ||
| 085 | |8 1\u |z 2 |s 438 | ||
| 100 | 1 | |6 880-01/Latn |a Ravitch, Melech |d 1893-1976 |0 (DE-603)087350289 |0 (DE-588)11901002X |2 gnd | |
| 245 | 0 | 0 | |6 880-02/Latn |a Dos mayse-bukh fun mayn leben |n 2 |p Fun di yorn 1908 biz 1921 |c Meylekh Raṿiṭsh |
| 246 | 1 | 3 | |a Fun di jorn: 1908 biz 1921 |
| 264 | 1 | |a Buenos-Aires |b Unión Central Israelita en la Argentina [u.a.] |c 1964 | |
| 300 | |a 525 S. | ||
| 490 | 1 | |6 880-03/Latn |a Dos poylishe yidnṭum |v 171 | |
| 773 | 0 | 8 | |q 12 |w (DE-603)111853648 |
| 830 | 0 | |6 880-04/Latn |t Dos Poilishe Yidnṭum |v 171 |w (DE-603)016188284 |w (DE-600)2282304-9 |9 3171 |7 as | |
| 880 | 0 | |6 830-04/Hebr/r |t דאס פוילישע יידנטום |v 171 |w (DE-603)016188284 |w (DE-600)2282304-9 |9 3171 |7 as | |
| 880 | 0 | 0 | |6 245-02/Hebr/r |a דאס מעשה-בוך פון מיין לעבן |n 2 |p פון די יארן 1908 ביז 1921 |c מלך ראוויטש |
| 880 | 1 | |6 100-01/Hebr/r |a ראוויטש, מלך |d 1893-1976 |0 (DE-603)087350289 |0 (DE-588)11901002X |2 gnd | |
| 880 | 1 | |6 490-03/Hebr/r |a דאס פוילישע יידנטום |v 171 | |
| 924 | 0 | |9 30 |a (DE-603)184574870 |b DE-30 |c HES |d c |g S 24/5169 Bd. 2 | |
| 924 | 0 | |9 2080 |a (DE-603)1236024257 |b DE-2080 |c HES |d d |g / | |
alle Bände anzeigen

